000 00566nam a2200181Ia 4500
003 GCL
008 140319s9999 xx 000 0 ara d
040 _aGCL /
_cGCL
082 0 4 _a805
_bد ت
100 1 _aدار الثقافة الجديدة
245 1 0 _aالثقافة المجرية /
_cدار الثقافة الجديدة
300 _a98 ص
490 _aالهيئة العامة للاستعلامات
_v0
650 0 4 _aالقصص القصيرة - المجر
650 0 4 _aالشعر - المجر
650 0 4 _aالفن - المجر
942 _2ddc
_cBK
999 _c50965
_d50965